000 00661nam a2200181Ia 4500
008 100917s9999 xx 000 0 und d
082 _b59242
100 _aजोशी महादेव नारायण
245 _aसंगीत गिरणीवाला अथवा मालक - मजूर
260 _bरानडे
_c1929
300 _a113
365 _b0.75
520 _aनाटक
630 _aसंगीत गिरणीवाला अथवा मालक - मजूर
650 _aनाटक
730 _aसंगीत गिरणीवाला अथवा मालक - मजूर
942 _cBOOK
999 _c664636
_d664633